Výskum rozptýleného osídlenia na Slovensku
Enregistré dans:
| Format: | Livre |
|---|---|
| Langue: | slovaque |
| Publié: |
Bratislava :
VÚPS Stavebnej fakulty SVŠT,
1966
|
| Sujets: | |
| Tags: |
Pas de tags, Soyez le premier à ajouter un tag!
|
MARC
| LEADER | 00000nam a22000003a 4500 | ||
|---|---|---|---|
| 001 | 0112382 | ||
| 003 | SK-STU | ||
| 005 | 20241118114847.7 | ||
| 007 | ta | ||
| 008 | 241118s ----xo-----f------000-0-slo-d | ||
| 040 | |a STU |b slo | ||
| 041 | 0 | |a slo | |
| 044 | |a xo | ||
| 245 | 1 | 0 | |a Výskum rozptýleného osídlenia na Slovensku |
| 260 | |a Bratislava : |b VÚPS Stavebnej fakulty SVŠT, |c 1966 | ||
| 300 | |a nestr.; |b čierno-biele fot. | ||
| 650 | 0 | 7 | |a osídlenie roztrúsené |
| 650 | 0 | 7 | |a vidiek |
| 650 | 0 | 7 | |a hory |
| 650 | 0 | 7 | |a pohraničie |
| 650 | 0 | 7 | |a fotografie |
| 650 | 0 | 7 | |a mapy |
| 996 | |b 284AU10053 |c A* 3/V |l AAKNST |s P |a 0 |w 0112382_0001 | ||